| 000 | 00338nam a22001337a 4500 | ||
|---|---|---|---|
| 999 |
_c534274 _d534274 |
||
| 020 | _a978-9693516760 | ||
| 040 | _cMSOHAIL | ||
| 082 | _a891.4393 | ||
| 100 |
_aMustansar Hussain Tarar _99703 |
||
| 245 | _aDakia aur Jolaha / ڈاکیا اور جولاہا | ||
| 260 |
_aLahore _bSang-e-Meel _cc2007 |
||
| 300 | _a304;p | ||
| 942 |
_2ddc _cBK |
||